| 000 | 01337cam a2200133 4500500 | ||
|---|---|---|---|
| 005 | 20260405024729.0 | ||
| 041 | _afre | ||
| 042 | _adc | ||
| 100 | 1 | 0 |
_aCotte, Olivier _eauthor |
| 245 | 0 | 0 | _aAdapter un livre pour le cinéma et la télévision : De l'oeuvre originale au scénario : roman, théâtre, biographie, bande dessinée |
| 260 |
_bArmand Colin,
_c2020. |
||
| 520 | _aLes scénarios d’un grand nombre de films et de séries TV sont inspirés d’œuvres écrites, romans, nouvelles, pièces de théâtre, biographies ou encore bandes dessinées. Réussir ces transpositions à l’écran requiert des qualités et des méthodes spécifiques. Faut-il être aussi fidèle que possible au texte d’origine ? Quels sont les impératifs à respecter ? Peut-on conserver l’ensemble des personnages ? Doit-on retrouver le contexte, le monde et l’époque du récit sur le grand ou le petit écran ? Rédigé par un spécialiste du sujet et illustré par des exemples variés de films et de séries TV, ce guide pratique vous apprend à adapter une œuvre littéraire pour l’écran en analysant son contenu, son style et son ton, et en opérant des choix judicieux. | ||
| 856 | 4 | 1 | _uhttps://shs.cairn.info/adapter-un-livre-pour-le-cinema-et-la-television--9782200627256?lang=fr&redirect-ssocas=7080 |
| 999 |
_c2140864 _d2140864 |
||